000 00472nam a2200145 4500
001 116673
003 ES-MaACL
005 20230906190740.0
007 t|
008 061121s1921 sp r ||||1| spa d
100 1 _aOts Capdequí, José María.
_987937
245 1 3 _aEl Derecho de familia y el Derecho de sucesión en nuestra legislación de Indias /
_cJosé María Ots Capdequi.
260 _aMadrid :
_b[s.n.],
_c1921 (
_fImp. Helénica)
852 _aES-MaACL
_j1617-F-15
999 _c116673
_d116673